Statistiche per Aperture di scacchi

Clicka qui per fare il quiz!

Statistiche generali

  • Questo quiz è stato fatto 9 volte
  • Il punteggio medio è 6 su 16

Statistiche sulle risposte

MosseNome apertura% Corretto
e4Partita di Re
88%
e4 e6Difesa Francese
75%
e4 d5Difesa Scandinava
75%
e4 c5Difesa siciliana
75%
d4Partita di Donna
75%
e4 c6Difesa Caro-Kann
50%
Cf3Apertura Retì
38%
c4Partita Inglese
38%
e4 Cf6Difesa Alekhine
25%
d4 Cf6Difesa Indiana
25%
e4 d6Difesa Pirc
13%
a3Apertura Anderssen
0%
g3Apertura Benko
0%
f4Partita Bird
0%
e4 e5Partita di gioco aperto
0%
d4 d5Partita di gioco chiuso
0%

Distribuzione punteggi

Percentile per numero di risposta

Percentuale di utenti per punteggio

I tuoi punteggi nel tempo

Non hai fatto questo quiz